[Event "Europa ch s-16"]
[Site "Herceg Novi MNE"]
[Date "2008.09.17"]
[Round "3.22"]
[White "Kociscak, Jiri"]
[Black "Dubessay, Bastien"]
[Result "1-0"]
[WhiteElo "2324"]
[BlackElo "2131"]
[PlyCount "85"]
[EventDate "2008.09.15"]
[EventType "swiss"]
[EventRounds "9"]
[Source "lmi"]
[SourceDate "2008.09.15"]

1. e4 c5 2. Nf3 d6 3. d4 cxd4 4. Nxd4 Nf6 5. Nc3 a6 6. Be3 e5 7. Nb3 Be6 8. f3
Nbd7 9. g4 Be7 10. g5 Nh5 11. Qd2 O-O 12. O-O-O Qc7 13. Kb1 Nb6 14. Qf2 Nc4 15.
Bxc4 Qxc4 16. Rhg1 Rac8 17. Na5 Qc7 18. Nd5 Bxd5 19. Rxd5 f5 20. Qg2 fxe4 21.
fxe4 Nf4 22. Bxf4 Rxf4 23. c3 Qb6 24. g6 h6 25. Rf1 Rxf1+ 26. Qxf1 Rf8 27. Qc4
Kh8 28. a3 Qg1+ 29. Ka2 Qxg6 30. Nxb7 Rf4 31. Qc6 Kh7 32. Rd3 Rxe4 33. Nxd6 Rf4
34. Qd5 Rd4 35. Rxd4 exd4 36. Nf5 Bf6 37. cxd4 Qg4 38. Qe6 Bxd4 39. h3 Qf4 40.
Ne7 h5 41. Qg6+ Kh8 42. Qxh5+ Qh6 43. Qe8+ 1-0

[Event "Europa ch s-16"]
[Site "Herceg Novi MNE"]
[Date "2008.09.17"]
[Round "3.23"]
[White "Witek, Tomasz"]
[Black "Yaksin, Oleg"]
[Result "1/2-1/2"]
[WhiteElo "2125"]
[BlackElo "2307"]
[PlyCount "93"]
[EventDate "2008.09.15"]
[EventType "swiss"]
[EventRounds "9"]
[Source "lmi"]
[SourceDate "2008.09.15"]

1. d4 Nf6 2. c4 e6 3. Nc3 Bb4 4. Qc2 O-O 5. Bg5 h6 6. Bh4 c5 7. dxc5 Nc6 8. a3
Bxc5 9. b4 Be7 10. Nf3 b6 11. e3 Bb7 12. Be2 Rc8 13. O-O Ne8 14. Bg3 f5 15.
Rfd1 a6 16. Rac1 a5 17. b5 Nb8 18. Qb3 Bc5 19. Na4 d6 20. Nxc5 bxc5 21. Rd2 Qc7
22. Rcd1 e5 23. h3 Nd7 24. Nh4 g5 25. Ng6 Rf7 26. h4 g4 27. f3 Kh7 28. h5 Nef6
29. Nh4 Nxh5 30. Be1 gxf3 31. Bxf3 Bxf3 32. gxf3 Rg7+ 33. Rg2 Rxg2+ 34. Kxg2 e4
35. Rd5 Ndf6 36. Rxf5 Rg8+ 37. Kf1 Qg7 38. Qc3 Ng3+ 39. Bxg3 Qxg3 40. fxe4 Qg1+
41. Ke2 Qh2+ 42. Kd3 Rg1 43. Nf3 Qg2 44. Nd2 Re1 45. Qxf6 Qe2+ 46. Kc2 Qd1+ 47.
Kd3 1/2-1/2

[Event "Europa ch s-16"]
[Site "Herceg Novi MNE"]
[Date "2008.09.17"]
[Round "3.24"]
[White "Petenyi, Tamas"]
[Black "Arvola, Benjamin"]
[Result "1-0"]
[WhiteElo "2289"]
[BlackElo "2105"]
[PlyCount "183"]
[EventDate "2008.09.15"]
[EventType "swiss"]
[EventRounds "9"]
[Source "lmi"]
[SourceDate "2008.09.15"]

1. e4 e5 2. Nf3 Nc6 3. Bb5 a6 4. Ba4 Nf6 5. O-O Be7 6. Re1 b5 7. Bb3 d6 8. c3
O-O 9. h3 Bb7 10. d4 Re8 11. Nbd2 Bf8 12. a4 h6 13. Bc2 exd4 14. cxd4 Nb4 15.
Bb1 c5 16. d5 Nd7 17. Ra3 f5 18. exf5 Nf6 19. Nh4 Bxd5 20. Ng6 Qd7 21. Rxe8
Rxe8 22. Rg3 bxa4 23. Nf1 Bb3 24. Qd2 Ba2 25. Bc2 Nxc2 26. Qxc2 Bb3 27. Nxf8
Kxf8 28. Qd3 Ne4 29. Re3 Qb5 30. Qb1 d5 31. f3 Nf6 32. Rxe8+ Kxe8 33. Bf4 Qe2
34. Qc1 Nd7 35. Bd6 c4 36. Qc3 Kf7 37. Qd4 Nf6 38. Be5 c3 39. Qxc3 Qc4 40. Qe3
Qc6 41. Ng3 Bc4 42. Bd4 Qe8 43. Qc3 Qe7 44. Kh2 Qd6 45. Be5 Qb6 46. Bd4 Qd6 47.
Qe1 Qe7 48. Qf2 Bb5 49. Kg1 Bc4 50. Qd2 a3 51. bxa3 Qxa3 52. Kh2 Qd6 53. f4 Qa3
54. Qe1 Qe7 55. Qa5 Qd6 56. Be5 Qe7 57. Qc3 Qa7 58. Bd4 Qc7 59. Be5 Qa7 60.
Bxf6 gxf6 61. Nh5 Qb6 62. Qg3 Qd6 63. Qg7+ Ke8 64. Nxf6+ Kd8 65. Qg8+ Ke7 66.
Nh5 d4 67. Qxc4 d3 68. f6+ Kf8 69. Qc8+ Kf7 70. Qh8 d2 71. Qg7+ Ke6 72. Qg4+
Kf7 73. Qg7+ Ke6 74. f7 d1=Q 75. f8=Q Qxf8 76. Qxf8 Qxh5 77. Qc8+ Kf7 78. Qxa6
Qh4 79. Qa7+ Kg8 80. Qb8+ Kf7 81. Qe5 Qf2 82. Qf5+ Kg7 83. Qg4+ Kf7 84. Qg3 Qd4
85. Qh4 Kg7 86. Qg4+ Kf6 87. Qh4+ Kg7 88. Qe7+ Kg6 89. Qe5 Qf2 90. f5+ Kf7 91.
Qe6+ Kf8 92. Qxh6+ 1-0

[Event "Europa ch s-16"]
[Site "Herceg Novi MNE"]
[Date "2008.09.17"]
[Round "3.25"]
[White "Freidzon, Dani"]
[Black "Senlle Caride, Miguel"]
[Result "1/2-1/2"]
[WhiteElo "2115"]
[BlackElo "2289"]
[PlyCount "36"]
[EventDate "2008.09.15"]
[EventType "swiss"]
[EventRounds "9"]
[Source "lmi"]
[SourceDate "2008.09.15"]

1. e4 e5 2. Nf3 Nc6 3. Bb5 a6 4. Ba4 Nf6 5. O-O b5 6. Bb3 Bc5 7. a4 Rb8 8. c3
O-O 9. d4 Bb6 10. axb5 axb5 11. dxe5 Ng4 12. Bf4 Qe8 13. Na3 Ngxe5 14. Nxe5
Nxe5 15. Nxb5 d6 16. Nd4 Bxd4 17. cxd4 Ng6 18. Bg3 Qxe4 1/2-1/2

[Event "Europa ch s-16"]
[Site "Herceg Novi MNE"]
[Date "2008.09.17"]
[Round "3.26"]
[White "Meurs, Tom"]
[Black "Aggelis, Nikolaos"]
[Result "1/2-1/2"]
[WhiteElo "2084"]
[BlackElo "2271"]
[PlyCount "84"]
[EventDate "2008.09.15"]
[EventType "swiss"]
[EventRounds "9"]
[Source "lmi"]
[SourceDate "2008.09.15"]

1. e4 e5 2. Nf3 Nc6 3. Bb5 a6 4. Ba4 Nf6 5. O-O Be7 6. Re1 b5 7. Bb3 O-O 8. c3
d6 9. h3 Nb8 10. d4 Nbd7 11. Nbd2 Bb7 12. d5 c6 13. dxc6 Bxc6 14. Bc2 Re8 15.
a4 Bf8 16. Nf1 Nc5 17. axb5 axb5 18. Bg5 Rxa1 19. Qxa1 h6 20. Bxf6 Qxf6 21. b4
Ra8 22. Qd1 Ne6 23. Bb3 Nf4 24. Ng3 Ra3 25. Nd2 Qg5 26. Qc1 Ra8 27. Qd1 h5 28.
Nf3 Qg6 29. Nh4 Qf6 30. Nhf5 h4 31. Nh5 Nxh5 32. Qxh5 g6 33. Qg4 Ra3 34. Rb1
Bxe4 35. Qxe4 Qxf5 36. Qxf5 gxf5 37. Kf1 d5 38. Ke2 Kg7 39. Kd3 d4 40. cxd4
exd4 41. Kxd4 Bxb4 42. Ke5 Ra1 1/2-1/2

[Event "Europa ch s-16"]
[Site "Herceg Novi MNE"]
[Date "2008.09.17"]
[Round "3.31"]
[White "Matveev, Vladimir"]
[Black "Ashiku, Franc"]
[Result "1/2-1/2"]
[WhiteElo "2187"]
[BlackElo "2056"]
[PlyCount "68"]
[EventDate "2008.09.15"]
[EventType "swiss"]
[EventRounds "9"]
[Source "lmi"]
[SourceDate "2008.09.15"]

1. Nf3 c5 2. g3 Nc6 3. Bg2 g6 4. O-O Bg7 5. d3 e5 6. c4 Nge7 7. Nc3 d6 8. a3
O-O 9. Rb1 a5 10. Nd2 f5 11. e3 Be6 12. Nd5 Rb8 13. b3 Qd7 14. Bb2 b5 15. Qc2
Na7 16. Nxe7+ Qxe7 17. Bc3 Qc7 18. Nf3 Kh8 19. Ng5 Bg8 20. Qd2 Nc6 21. Bd5 b4
22. axb4 axb4 23. Bb2 Bh6 24. Ne6 Bxe6 25. Bxe6 Nd4 26. Bxd4 exd4 27. Bd5 dxe3
28. fxe3 Rbe8 29. Rbe1 Qe7 30. Qb2+ Bg7 31. Qf2 Bc3 32. Re2 Qf6 33. Kh1 Re7 34.
Ra2 Rfe8 1/2-1/2

[Event "Europa ch s-16"]
[Site "Herceg Novi MNE"]
[Date "2008.09.17"]
[Round "3.32"]
[White "Kaforos, Dimitrios-Alkis"]
[Black "Hansen, Mads"]
[Result "1-0"]
[WhiteElo "2173"]
[BlackElo "2041"]
[PlyCount "54"]
[EventDate "2008.09.15"]
[EventType "swiss"]
[EventRounds "9"]
[Source "lmi"]
[SourceDate "2008.09.15"]

1. d4 Nf6 2. c4 e6 3. Nf3 d5 4. Nc3 c6 5. Bg5 dxc4 6. e4 b5 7. e5 h6 8. Bh4 g5
9. exf6 gxh4 10. Ne5 Qxf6 11. a4 Bb4 12. Be2 Bb7 13. O-O Bxc3 14. bxc3 Nd7 15.
f4 a6 16. Bh5 Rf8 17. axb5 cxb5 18. Bf3 Bd5 19. f5 Kd8 20. fxe6 fxe6 21. Qe2
Qg7 22. Bxd5 exd5 23. Rxf8+ Nxf8 24. Rf1 Qg8 25. Rf7 Rc8 26. Nc6+ Rxc6 27. Qe7+
Kc8 1-0

[Event "Europa ch s-16"]
[Site "Herceg Novi MNE"]
[Date "2008.09.17"]
[Round "3.41"]
[White "Klecker, Tadeas"]
[Black "Sitnic, Adnan"]
[Result "0-1"]
[WhiteElo "2162"]
[BlackElo "1920"]
[PlyCount "82"]
[EventDate "2008.09.15"]
[EventType "swiss"]
[EventRounds "9"]
[Source "lmi"]
[SourceDate "2008.09.15"]

1. d4 e6 2. c4 b6 3. Nc3 Bb7 4. a3 f5 5. d5 exd5 6. cxd5 Nf6 7. g3 a5 8. Bg2
Na6 9. Nh3 Nc5 10. Be3 a4 11. Bxc5 Bxc5 12. Nxa4 Qe7 13. Nc3 O-O-O 14. O-O h5
15. Qc2 h4 16. Qxf5 hxg3 17. hxg3 Rh5 18. Qd3 g5 19. d6 Bxd6 20. Bxb7+ Kxb7 21.
Kg2 Rdh8 22. Rh1 Kb8 23. Nxg5 Ng4 24. Rxh5 Rxh5 25. Nf3 Qg7 26. Qe4 Nxf2 27.
Kxf2 Qxg3+ 28. Ke3 Re5 29. Rg1 Rxe4+ 30. Nxe4 Qf4+ 31. Kd3 Bf8 32. Rg8 Kb7 33.
Rg1 d5 34. Nc3 Bc5 35. Rg2 Qe3+ 36. Kc2 d4 37. Nd1 d3+ 38. Kb1 Qe4 39. Nc3 d2+
40. Nxe4 d1=Q+ 41. Ka2 Qd5+ 0-1

[Event "Europa ch s-16"]
[Site "Herceg Novi MNE"]
[Date "2008.09.17"]
[Round "3.47"]
[White "Manasyan, Haik"]
[Black "Zecevic, Ivan"]
[Result "1-0"]
[WhiteElo "2048"]
[BlackElo "1853"]
[PlyCount "59"]
[EventDate "2008.09.15"]
[EventType "swiss"]
[EventRounds "9"]
[Source "lmi"]
[SourceDate "2008.09.15"]

1. d4 Nf6 2. c4 g6 3. Nc3 Bg7 4. e4 d6 5. f4 O-O 6. Nf3 c5 7. d5 e6 8. Be2 exd5
9. cxd5 Re8 10. Nd2 Bd7 11. a4 Na6 12. O-O Nb4 13. Bf3 b6 14. Nc4 Bc8 15. e5
dxe5 16. fxe5 Nd7 17. e6 Ne5 18. Nxe5 Bxe5 19. exf7+ Kxf7 20. d6 Rb8 21. Bc6+
Kg7 22. Bxe8 Qxe8 23. Bg5 Qc6 24. Qd2 Bf5 25. Nb5 a6 26. Rae1 Re8 27. Bh6+ Kg8
28. Rxf5 gxf5 29. Qg5+ Kf7 30. Qxf5+ 1-0

[Event "Europa ch s-16"]
[Site "Herceg Novi MNE"]
[Date "2008.09.17"]
[Round "3.50"]
[White "Muheim, Sebastian"]
[Black "Magnusson, Patrekur Maron"]
[Result "1-0"]
[WhiteElo "2104"]
[BlackElo "1872"]
[PlyCount "45"]
[EventDate "2008.09.15"]
[EventType "swiss"]
[EventRounds "9"]
[Source "lmi"]
[SourceDate "2008.09.15"]

1. e4 c5 2. Nf3 e6 3. c3 Nf6 4. e5 Nd5 5. d4 cxd4 6. cxd4 b6 7. Nc3 Nxc3 8.
bxc3 Bb7 9. Bd3 Qc7 10. Bd2 d6 11. O-O Nd7 12. Bf4 dxe5 13. Nxe5 Nxe5 14. Bxe5
Bd6 15. Bb5+ Kf8 16. f4 Bxe5 17. fxe5 Qxc3 18. Rc1 Qe3+ 19. Kh1 Qe4 20. Qd2 Rc8
21. Rxc8+ Bxc8 22. Qb4+ Kg8 23. Qe7 1-0

[Event "Europa ch s-16"]
[Site "Herceg Novi MNE"]
[Date "2008.09.17"]
[Round "3.51"]
[White "Rauw, Gert Jan"]
[Black "Krstonijevic, Stjepan"]
[Result "1-0"]
[WhiteElo "2008"]
[BlackElo "1860"]
[PlyCount "75"]
[EventDate "2008.09.15"]
[EventType "swiss"]
[EventRounds "9"]
[Source "lmi"]
[SourceDate "2008.09.15"]

1. e4 c5 2. Nf3 e6 3. d4 cxd4 4. Nxd4 Nc6 5. Be3 Qc7 6. Be2 a6 7. O-O Nf6 8.
Nc3 Bb4 9. Nxc6 Qxc6 10. Bf3 Bxc3 11. e5 Qc7 12. bxc3 Qxe5 13. Bd4 Qc7 14. Qd2
O-O 15. Rab1 d5 16. Rfe1 Nd7 17. Qg5 f6 18. Qe3 Nb8 19. Bc5 Re8 20. Bxd5 Nc6
21. Bb6 Qd6 22. Rbd1 Ne5 23. Bxb7 Qxd1 24. Rxd1 Bxb7 25. Qg3 Bd5 26. Bd4 Ng6
27. h4 e5 28. Be3 Rad8 29. h5 Nf8 30. Bh6 Ne6 31. Bxg7 Kf7 32. h6 Nf4 33. Qh4
Rd6 34. c4 Nxg2 35. Qh5+ Ke7 36. Rxd5 Nf4 37. Qxe8+ Kxe8 38. Rxd6 1-0

[Event "Europa ch s-16"]
[Site "Herceg Novi MNE"]
[Date "2008.09.18"]
[Round "4.1"]
[White "Ter-Sahakyan, Samvel"]
[Black "Kanarek, Marcel"]
[Result "1-0"]
[WhiteElo "2480"]
[BlackElo "2349"]
[PlyCount "71"]
[EventDate "2008.09.15"]
[EventType "swiss"]
[EventRounds "9"]
[Source "lmi"]
[SourceDate "2008.09.15"]

1. e4 c5 2. Nf3 Nc6 3. d4 cxd4 4. Nxd4 e5 5. Nb5 d6 6. c4 Be7 7. N1c3 a6 8. Na3
Be6 9. Nc2 Rc8 10. b3 Nf6 11. Bd3 b5 12. Nd5 bxc4 13. bxc4 O-O 14. O-O Nd7 15.
Nce3 Bg5 16. Bb2 Nc5 17. Bc2 Bxe3 18. Nxe3 Na5 19. Qe2 Qd7 20. Rfd1 Bxc4 21.
Qd2 Qb5 22. Bc3 Ncb7 23. Nf5 Be6 24. Nxg7 Kxg7 25. Qg5+ Kh8 26. Qf6+ Kg8 27.
Bd2 Qe2 28. Bh6 Qg4 29. Rd3 Qg6 30. Rg3 Bg4 31. Qh4 Rxc2 32. Rxg4 Rc7 33. Rxg6+
fxg6 34. Bxf8 Kxf8 35. Qf6+ Ke8 36. Qh8+ 1-0

[Event "Europa ch s-16"]
[Site "Herceg Novi MNE"]
[Date "2008.09.18"]
[Round "4.2"]
[White "Ketzetzis, Georgios"]
[Black "Grandelius, Nils"]
[Result "0-1"]
[WhiteElo "2099"]
[BlackElo "2366"]
[PlyCount "118"]
[EventDate "2008.09.15"]
[EventType "swiss"]
[EventRounds "9"]
[Source "lmi"]
[SourceDate "2008.09.15"]

1. e4 e5 2. Nf3 Nc6 3. Bc4 Nf6 4. Ng5 d5 5. exd5 Na5 6. Bb5+ c6 7. dxc6 bxc6 8.
Bd3 Nd5 9. Nf3 Bd6 10. O-O Nf4 11. Re1 Nxd3 12. cxd3 O-O 13. Nxe5 Re8 14. d4 f6
15. Nf3 Bg4 16. Rf1 Bc7 17. d3 Qd6 18. Nbd2 Rad8 19. a3 Kh8 20. b4 Nb7 21. h3
Bh5 22. Ne4 Qd5 23. Bb2 Nd6 24. Ng3 Bg6 25. Rc1 Bb6 26. a4 Nf5 27. Ne2 Qd6 28.
Qd2 Bc7 29. b5 Nh4 30. Ng3 Nxf3+ 31. gxf3 cxb5 32. axb5 Bb6 33. Rc6 Qd5 34. Kg2
Qxb5 35. Rfc1 Bxd3 36. Ba1 Bg6 37. Qf4 Qd5 38. h4 h5 39. Kh2 Kh7 40. R6c4 Re7
41. Rc8 Rxc8 42. Rxc8 Qa2 43. Kg2 Re8 44. Rc1 Qd5 45. Bb2 Rd8 46. Nf1 Qb3 47.
Ba1 Qd3 48. Ne3 Qd2 49. Rd1 Qe2 50. Bc3 Rc8 51. Re1 Qxe1 52. Bxe1 Bc7 53. Qe4
Bxe4 54. fxe4 Bb6 55. Nf5 g6 56. Ne7 Re8 57. Nd5 Bxd4 58. Kf3 f5 59. Bc3 Rxe4
0-1

[Event "Europa ch s-16"]
[Site "Herceg Novi MNE"]
[Date "2008.09.18"]
[Round "4.3"]
[White "Alonso Rosell, Alvar"]
[Black "Prohaszka, Peter"]
[Result "0-1"]
[WhiteElo "2393"]
[BlackElo "2509"]
[PlyCount "172"]
[EventDate "2008.09.15"]
[EventType "swiss"]
[EventRounds "9"]
[Source "lmi"]
[SourceDate "2008.09.15"]

1. d4 d5 2. c4 e6 3. Nc3 Be7 4. cxd5 exd5 5. Bf4 Nf6 6. Qc2 c5 7. Nf3 Nc6 8. e3
O-O 9. Be2 cxd4 10. Nxd4 Nxd4 11. exd4 Qb6 12. Rd1 Be6 13. O-O Rac8 14. Bg5 h6
15. Bxf6 Bxf6 16. Qd2 Qd6 17. f4 a6 18. Kh1 Rfe8 19. Bf3 Rc4 20. Qf2 Qxf4 21.
Nxd5 Bxd5 22. Bxd5 Qxf2 23. Rxf2 Rxd4 24. Rff1 Rxd1 25. Rxd1 Re7 26. b3 g6 27.
a4 h5 28. Kg1 Bc3 29. Kf2 Kg7 30. Kf3 Ba5 31. Rd3 Bb6 32. Bc4 g5 33. g4 hxg4+
34. Kxg4 f6 35. Rf3 Bc7 36. h3 b5 37. axb5 axb5 38. Bd3 Rd7 39. Be4 Re7 40. Bf5
Re1 41. Kh5 Re8 42. Kg4 Rh8 43. Be4 Be5 44. Kf5 Rh4 45. Bc6 b4 46. Ke6 Rd4 47.
Kf5 Kf7 48. Be4 Rd1 49. Rd3 Rf1+ 50. Rf3 Re1 51. Rd3 Ke7 52. Bf3 Bc3 53. Bd5
Re5+ 54. Kg6 g4 55. hxg4 Rg5+ 56. Kh6 Rxg4 57. Kh5 f5 58. Bf3 Rg3 59. Be4 fxe4
60. Rxg3 Kd6 61. Kg4 Ke5 62. Rg2 Kd4 63. Kf4 e3 64. Kf3 Bd2 65. Ke2 Kc3 66. Rg8
Kxb3 67. Rb8 Kc3 68. Rc8+ Kb2 69. Rb8 b3 70. Kd1 Ka2 71. Rb6 Ka3 72. Rb8 Bb4
73. Kc1 Bc3 74. Ra8+ Kb4 75. Re8 Bd4 76. Rc8 Bc5 77. Kd1 Kc4 78. Kc1 e2 79. Re8
Ba3+ 80. Kb1 Kd3 81. Re5 Kd2 82. Rd5+ Ke3 83. Re5+ Kd3 84. Ka1 Bc1 85. Rd5+ Ke4
86. Rd8 Bf4 0-1

[Event "Europa ch s-16"]
[Site "Herceg Novi MNE"]
[Date "2008.09.18"]
[Round "4.4"]
[White "Nyzhnyk, Illya"]
[Black "Lyaskovsky, Valentin"]
[Result "1-0"]
[WhiteElo "2428"]
[BlackElo "2257"]
[PlyCount "117"]
[EventDate "2008.09.15"]
[EventType "swiss"]
[EventRounds "9"]
[Source "lmi"]
[SourceDate "2008.09.15"]

1. e4 c5 2. Nf3 Nc6 3. d4 cxd4 4. Nxd4 e5 5. Nb5 d6 6. a4 Nf6 7. N1c3 a6 8. Na3
Bg4 9. f3 Be6 10. Bc4 Rc8 11. Be3 Nb4 12. Bxe6 fxe6 13. Qe2 Be7 14. O-O Qc7 15.
Rad1 O-O 16. f4 exf4 17. Bxf4 Nc6 18. Qc4 Qb6+ 19. Kh1 d5 20. exd5 Nb4 21. a5
Rxc4 22. axb6 Rxc3 23. bxc3 Nbxd5 24. Nc4 Rc8 25. Na5 Bc5 26. c4 Nc3 27. Nxb7
Bxb6 28. Rd6 Na4 29. c5 Bxc5 30. Rxa6 Nc3 31. Nxc5 Rxc5 32. Rxe6 Nce4 33. Bd6
Nxd6 34. Rxd6 Rxc2 35. Ra6 Rc7 36. g4 h6 37. Rf4 Kh7 38. h4 Kg6 39. Kg2 Rc2+
40. Kg3 Rc3+ 41. Rf3 Rc4 42. Kh3 Rc7 43. Rg3 Rc5 44. Ra7 Rb5 45. Rf3 Rb6 46.
Re3 Rb4 47. h5+ Kh7 48. Ree7 Ne8 49. Rxe8 Rb3+ 50. Kg2 Rg3+ 51. Kf2 Rf3+ 52.
Ke2 Rf2+ 53. Kd3 Rd2+ 54. Kc4 Rd4+ 55. Kc5 Rc4+ 56. Kd6 Rc6+ 57. Ke7 Re6+ 58.
Kf8 Rf6+ 59. Rf7 1-0

[Event "Europa ch s-16"]
[Site "Herceg Novi MNE"]
[Date "2008.09.18"]
[Round "4.5"]
[White "Yilmaz, Mustafa"]
[Black "Dragomirescu, Robin-Alexandru"]
[Result "1/2-1/2"]
[WhiteElo "2362"]
[BlackElo "2232"]
[PlyCount "86"]
[EventDate "2008.09.15"]
[EventType "swiss"]
[EventRounds "9"]
[Source "lmi"]
[SourceDate "2008.09.15"]

1. e4 c5 2. Nf3 Nc6 3. Bb5 Nf6 4. Bxc6 dxc6 5. d3 Bg4 6. h3 Bh5 7. Be3 c4 8. g4
Bg6 9. Nc3 cxd3 10. cxd3 e6 11. Qd2 Be7 12. O-O Nd7 13. Rfe1 O-O 14. Rad1 b5
15. Ne2 a5 16. Qc2 c5 17. Kg2 Rc8 18. a4 Qb6 19. axb5 Qxb5 20. Nc3 Qa6 21. Bf4
Rfd8 22. Bg3 Nb8 23. h4 f6 24. h5 Bf7 25. h6 g6 26. g5 Nc6 27. gxf6 Bxf6 28.
Qd2 e5 29. Re3 Rd7 30. Rc1 Nd4 31. Nxe5 Bxe5 32. Bxe5 Nb3 33. Qc2 Nxc1 34. Qxc1
Re8 35. Bg7 Rxd3 36. Rxd3 Qxd3 37. Qf4 Qa6 38. Bf6 Qc6 39. Be5 Qe6 40. Bf6 Qd7
41. Be5 Qc6 42. Kg1 c4 43. Bf6 Be6 1/2-1/2

[Event "Europa ch s-16"]
[Site "Herceg Novi MNE"]
[Date "2008.09.18"]
[Round "4.6"]
[White "Sivuk, Vitaly"]
[Black "Herrera Delgado, Alejandro"]
[Result "1-0"]
[WhiteElo "2324"]
[BlackElo "2204"]
[PlyCount "63"]
[EventDate "2008.09.15"]
[EventType "swiss"]
[EventRounds "9"]
[Source "lmi"]
[SourceDate "2008.09.15"]

1. e4 c5 2. Nc3 Nc6 3. Nf3 d6 4. d4 cxd4 5. Nxd4 Nf6 6. Bg5 Bd7 7. Qd2 Rc8 8.
f3 Nxd4 9. Qxd4 Qa5 10. Be3 a6 11. g4 e5 12. Qb6 Qxb6 13. Bxb6 Be6 14. O-O-O
Be7 15. Be3 O-O 16. h4 Rc6 17. Nd5 Bxd5 18. exd5 Rc7 19. Kb1 Nd7 20. c4 a5 21.
Bd3 Nc5 22. Bc2 Rb8 23. f4 exf4 24. Bxf4 b5 25. Rhe1 Bf8 26. cxb5 a4 27. Rd4
Rxb5 28. Re8 Re7 29. Rxf8+ Kxf8 30. Bxd6 a3 31. b4 Ke8 32. Bxc5 1-0

[Event "Europa ch s-16"]
[Site "Herceg Novi MNE"]
[Date "2008.09.18"]
[Round "4.7"]
[White "Mazur, Stefan"]
[Black "Sieciechowicz, Marcin"]
[Result "1-0"]
[WhiteElo "2237"]
[BlackElo "2311"]
[PlyCount "111"]
[EventDate "2008.09.15"]
[EventType "swiss"]
[EventRounds "9"]
[Source "lmi"]
[SourceDate "2008.09.15"]

1. e4 e6 2. d4 d5 3. Nd2 Nf6 4. e5 Nfd7 5. Bd3 c5 6. c3 Nc6 7. Ne2 cxd4 8. cxd4
f6 9. exf6 Qxf6 10. Nf3 Bd6 11. O-O O-O 12. Bg5 Qf7 13. Bh4 e5 14. Ng5 Qf6 15.
Bxh7+ Kh8 16. dxe5 Ndxe5 17. Qxd5 Qh6 18. g3 Bg4 19. f4 Nb4 20. Qe4 Bc5+ 21.
Kh1 Nd7 22. Nc3 Nf6 23. Qc4 Rac8 24. Bb1 Bd7 25. h3 Nfd5 26. Be4 Be7 27. Qe2
Nxf4 28. Qd2 Bxg5 29. Qxd7 Bxh4 30. Rxf4 Bxg3 31. Rf7 Rb8 32. Raf1 Rxf7 33.
Rxf7 Qc1+ 34. Nd1 Qh6 35. Qf5 Bd6 36. Rd7 Rf8 37. Rxd6 Rxf5 38. Rxh6+ gxh6 39.
Bxf5 Nxa2 40. Be4 b6 41. Nc3 Nb4 42. Nb5 a5 43. Nd6 Kg7 44. Nc4 Kf6 45. Kg2 Na6
46. Kf3 Nc5 47. Ke3 Kg5 48. Nxb6 Kh4 49. Bf5 Kg3 50. Kd4 Nb7 51. Nc4 a4 52. Kd5
h5 53. Nb6 Kf4 54. Bc8 Na5 55. Nxa4 Nb3 56. Nc5 1-0

[Event "Europa ch s-16"]
[Site "Herceg Novi MNE"]
[Date "2008.09.18"]
[Round "4.8"]
[White "Vardanian, Haik G"]
[Black "Gretarsson, Hjorvar Steinn"]
[Result "1/2-1/2"]
[WhiteElo "2177"]
[BlackElo "2299"]
[PlyCount "68"]
[EventDate "2008.09.15"]
[EventType "swiss"]
[EventRounds "9"]
[Source "lmi"]
[SourceDate "2008.09.15"]

1. e4 c5 2. Nf3 e6 3. d4 cxd4 4. Nxd4 Nc6 5. Nc3 Qc7 6. f4 a6 7. Nxc6 Qxc6 8.
Bd3 b5 9. Qe2 Bb7 10. Bd2 Rc8 11. O-O Nf6 12. a3 h5 13. e5 Ng4 14. Kh1 Qb6 15.
Rae1 Bc5 16. Nd1 g6 17. b4 Be7 18. Ne3 Nxe3 19. Bxe3 Qc7 20. Bd4 Bd5 21. c3 Bc4
22. a4 Bxd3 23. Qxd3 Qc4 24. Qd1 a5 25. bxa5 bxa4 26. Qd2 a3 27. h3 Qa4 28. Bb6
O-O 29. Rd1 Bc5 30. Qxd7 Qxd7 31. Rxd7 Bxb6 32. axb6 Rxc3 33. Ra7 Rb3 34. b7
Rb8 1/2-1/2

[Event "Europa ch s-16"]
[Site "Herceg Novi MNE"]
[Date "2008.09.18"]
[Round "4.9"]
[White "Valsecchi, Alessio"]
[Black "Holvason, Juri"]
[Result "1-0"]
[WhiteElo "2298"]
[BlackElo "2041"]
[PlyCount "85"]
[EventDate "2008.09.15"]
[EventType "swiss"]
[EventRounds "9"]
[Source "lmi"]
[SourceDate "2008.09.15"]

1. e4 c5 2. Nf3 Nc6 3. d4 cxd4 4. Nxd4 Nf6 5. Nc3 e5 6. Ndb5 d6 7. a4 a6 8. Na3
Bg4 9. f3 Be6 10. Bc4 Rc8 11. Bg5 Be7 12. Bxf6 Bxf6 13. Bd5 O-O 14. Rb1 Bh4+
15. g3 Bg5 16. h4 Be3 17. Kf1 Bd4 18. Ne2 Ba7 19. Kg2 Bxd5 20. Qxd5 Qb6 21.
Rhf1 Ne7 22. Qd3 f5 23. Nc4 Qc7 24. b3 fxe4 25. fxe4 Qc5 26. Nxd6 Rfd8 27. Rbd1
h6 28. Nxc8 Rxd3 29. Nxe7+ Qxe7 30. Rxd3 b5 31. axb5 axb5 32. Rd5 b4 33. h5 Qc7
34. Kh3 Bb6 35. Nc1 Qxc2 36. Rxe5 Qc8+ 37. Ref5 Qe6 38. Nd3 Qxe4 39. Ne5 Bc5
40. Ng6 Qe6 41. g4 Kh7 42. Rf8 Bxf8 43. Nxf8+ 1-0

[Event "Europa ch s-16"]
[Site "Herceg Novi MNE"]
[Date "2008.09.18"]
[Round "4.10"]
[White "Kowalczyk, Pawel"]
[Black "Pavlidis, Antonios"]
[Result "0-1"]
[WhiteElo "2138"]
[BlackElo "2266"]
[PlyCount "94"]
[EventDate "2008.09.15"]
[EventType "swiss"]
[EventRounds "9"]
[Source "lmi"]
[SourceDate "2008.09.15"]

1. e4 c5 2. Nf3 e6 3. Nc3 a6 4. d4 cxd4 5. Nxd4 Qc7 6. Bd3 Nc6 7. Nxc6 bxc6 8.
Qe2 Bd6 9. Qg4 Bf8 10. f4 Nf6 11. Qg3 d5 12. e5 Nd7 13. O-O Bc5+ 14. Kh1 O-O
15. Bd2 f5 16. Rf3 Be7 17. Qh3 Rd8 18. g4 Nc5 19. gxf5 Nxd3 20. cxd3 exf5 21.
d4 c5 22. Be3 Rb8 23. Qg2 Bf8 24. Rg1 Rb4 25. Rd1 Bb7 26. Rf2 Ba8 27. Rfd2 Qd7
28. Kg1 Rb6 29. Ne2 Rg6 30. Ng3 Rg4 31. Qf3 Qf7 32. Rg2 Rb8 33. Qf1 h5 34. h3
Rg6 35. Qf3 h4 36. Nf1 Rxb2 37. Rdd2 Rb1 38. dxc5 Bc6 39. Bd4 Bxc5 40. Bxc5 d4
41. Qd3 Bxg2 42. Rxg2 Rxg2+ 43. Kxg2 Qd5+ 44. Kg1 Rb2 45. Nd2 Qxc5 46. Qxf5 d3+
47. Kf1 Qc1+ 0-1

[Event "Europa ch s-16"]
[Site "Herceg Novi MNE"]
[Date "2008.09.18"]
[Round "4.11"]
[White "Arslanov, Shamil"]
[Black "Bregadze, Levan"]
[Result "0-1"]
[WhiteElo "2228"]
[BlackElo "2399"]
[PlyCount "103"]
[EventDate "2008.09.15"]
[EventType "swiss"]
[EventRounds "9"]
[Source "lmi"]
[SourceDate "2008.09.15"]

1. e4 c6 2. d4 d5 3. exd5 cxd5 4. c4 Nf6 5. Nc3 e6 6. Nf3 Bb4 7. cxd5 Nxd5 8.
Qc2 Nc6 9. Bd3 h6 10. O-O O-O 11. Rd1 Be7 12. Qe2 Bd7 13. Ne5 Nxe5 14. dxe5
Nxc3 15. bxc3 Bc6 16. Bxh6 gxh6 17. Bc2 Qc7 18. Qe3 Bg5 19. f4 Bh4 20. Qh3 Qb6+
21. Rd4 Qb2 22. Qg4+ Kh8 23. Qxh4 Qxc2 24. Qxh6+ Kg8 25. Qg5+ Qg6 26. Qxg6+
fxg6 27. h4 Rad8 28. Rad1 Rxd4 29. Rxd4 Kf7 30. Kf2 Rc8 31. c4 Rh8 32. g3 Ke7
33. a3 a5 34. Rd6 Rc8 35. g4 Bd7 36. Rd4 a4 37. g5 b5 38. cxb5 Bxb5 39. h5 gxh5
40. Kg3 Be8 41. Kh4 Rc3 42. g6 Bxg6 43. Rxa4 Rc7 44. Kg5 Be8 45. Ra6 Rc4 46.
Ra7+ Bd7 47. Ra6 Ra4 48. Rxa4 Bxa4 49. f5 exf5 50. Kxf5 Be8 51. Kg5 Ke6 52. Kf4
0-1

[Event "Europa ch s-16"]
[Site "Herceg Novi MNE"]
[Date "2008.09.18"]
[Round "4.12"]
[White "Popilski, Gil"]
[Black "Kaforos, Dimitrios-Alkis"]
[Result "0-1"]
[WhiteElo "2372"]
[BlackElo "2173"]
[PlyCount "90"]
[EventDate "2008.09.15"]
[EventType "swiss"]
[EventRounds "9"]
[Source "lmi"]
[SourceDate "2008.09.15"]

1. Nf3 d5 2. c4 d4 3. b4 f6 4. e3 e5 5. Qb3 a5 6. b5 c5 7. exd4 cxd4 8. Bd3 Bc5
9. Qc2 Ne7 10. Ba3 Bxa3 11. Nxa3 f5 12. O-O e4 13. Bxe4 fxe4 14. Qxe4 O-O 15.
Nxd4 Nd7 16. Ne6 Nf6 17. Qe2 Bxe6 18. Qxe6+ Kh8 19. d4 Re8 20. Nc2 Nc6 21. Qh3
Nxd4 22. Rad1 Ne2+ 23. Kh1 Qc8 24. Qd3 Nf4 25. Qb3 Qg4 26. g3 a4 27. Qa3 Nh3
28. Rd4 Qe2 29. Kg2 Ng5 30. Qd3 Rac8 31. Qxe2 Rxe2 32. Nb4 Kg8 33. Rfd1 Nge4
34. Rd8+ Rxd8 35. Rxd8+ Kf7 36. Rb8 Nc5 37. Rc8 Nfe4 38. Rc7+ Kg6 39. Kg1 Rb2
40. a3 Rb3 41. Kg2 Rb2 42. Kg1 Rxb4 43. axb4 a3 44. Rc8 a2 45. Ra8 Na6 0-1